000 00698nam a2200229Ia 4500
003 OSt
005 20220923230205.0
006 a|||||r|||| 00| 0
007 ta
008 ASM
024 _a278,242
037 _cTextual
040 _aARTS
_cARTS
_bASM
041 _2ASM
_aASM
082 _aO158,1I49,1, 153L6
100 _aਗੋਸਾਮੀ, ਕੇFਵਾਨੰਦ ਦੇਵ; ਮਾਧਵਦੇਵ, ੳਗ.
_9168926
245 0 _aਨਾਮ ਘੋFਾ
260 _c1976
650 _aਅਸਮੀ ਸਾਹਿਤ
942 _hO158,1I49,1, 153L6
_cTEXL
_2CC
999 _c383171
_d383171